00861cam a22002291 450000100060000000300080000600500170001400800390003103500190007003500190008904000230010804100080013108200220013910000290016124501160019026000330030630000620033965100510040194200120045299900170046495201500048126107BD-RjUL20211209050955.0140320s1859 enkef 000 0 eng a(BD-RjUL)26177 a(OCoLC)6131841 aDLCcOCldDLCbeng aeng a954.082bTHS 18591 aThomson, Mowbray.98023804aThe story of Cawnpore /cBy Capt. Mowbray Thomson ... one of the only two survivors from the Cawnpore garrison. aLondon :bR. Bentley,c1859. axii, [13]-262 p. :bfront., plates, fold. plan. ;c20 cm. 0aKānpur (India)xHistoryySiege, 1857.979033 2ddccBK c26107d26107 00102ddc40728NFICaRUCLbRUCLcReadingd1970-10-27esweets & zeithingerg78.00l0o954.082 THS 1859r2014-03-20 00:00:00tC-1w2014-03-20yBK